| 000 | 03321cam a22003614a 4500 | ||
|---|---|---|---|
| 001 | 16343770 | ||
| 005 | 20170105102841.0 | ||
| 008 | 100722s2011 enk b 001 0 eng | ||
| 010 | _a 2010029803 | ||
| 020 | _a9780415599771 (cloth : alk. paper) | ||
| 020 | _a0415599776 (cloth : alk. paper) | ||
| 020 | _a9780203832752 (ebook) | ||
| 020 | _a0203832752 (ebook) | ||
| 040 |
_aDLC _cDLC _dDLC |
||
| 043 |
_aac----- _ae-ur--- |
||
| 050 | 0 | 0 |
_aDK855.8 _b.H47 2011 |
| 082 | 0 | 0 |
_a958.0072/047 _222 |
| 245 | 0 | 4 |
_aThe heritage of Soviet Oriental studies / _cedited by Michael Kemper and Stephan Conermann. |
| 260 |
_aMilton Park, Abingdon, Oxon ; _aNew York : _bRoutledge, _c2011. |
||
| 300 |
_axv, 336 p. ; _c25 cm. |
||
| 490 | 0 |
_aRoutledge contemporary Russia and Eastern Europe series ; _v25 |
|
| 504 | _aIncludes bibliographical references and index. | ||
| 505 | 0 | _aForeword : the heritage of Soviet Oriental studies / Stephan Conermann -- Introduction : integrating Soviet Oriental studies / Michael Kemper -- The imperial roots of Soviet Orientology / David Schimmelpenninck van der Oye -- Profiles under pressure : Orientalists in Petrograd/Leningrad, 1918-56 / Mikhail Rodionov -- Between the "language of humanity" and latinizatsiia : Nikolai Marr and the Oriental Department of the State Public Library in Leningrad / Aleksei Asvaturov -- The contribution of Oriental scholarship to the Soviet anti-Islamic discourse : from the Union of Militant Atheists to the Knowledge Society / Vladimir Bobrovnikov -- Soviet Kurdology and Kurdish Orientalism / Michiel Leezenberg -- Evgenii M. Primakov : Arabist and KGB middleman, director and statesman / Mikhail Roshchin -- The Leningrad/St. Petersburg School of Scientific Islamology / Stanislav M. Prozorov -- Hijacking Islam : the search for a new Soviet interpretation of political Islam in 1980 / Hanna E. Jansen and Michael Kemper -- Scholars, advisers and state-builders : Soviet Afghan studies in the light of present-day Afghan development / Anna R. Paterson -- The struggle for the reestablishment of Oriental studies in twentieth-century Kazan / Mirkasym A. Usmanov -- Arabic historical studies in twentieth-century Daghestan / Amri R. Shikhsaidov -- The politics of scholarship and the scholarship of politics : imperial, Soviet, and post-Soviet scholars studying Tajikistan / Lisa Yountchi -- Conceiving a people's history : the 1920-1936 discourse on the Kazakh past / Zifa-Alua Auezova -- Ahmad Yasavi and the Divan i hikmat in Soviet scholarship / Devin DeWeese -- Kyrgyz "Muslim-Central Asian" : recent approaches to the study of Kyrgyz culture in Kyrgyzstan / Till Mostowlansky -- The transformation of Azerbaijani Orientalists into Islamic thinkers after 1991 / Altay Goyushov, Naomi Caffee and Robert Denis. | |
| 651 | 0 |
_aAsia, Central _xStudy and teaching (Higher) _zSoviet Union _xHistory. |
|
| 651 | 0 |
_aAsia, Central _xStudy and teaching (Higher) _zRussia _xHistory. |
|
| 651 | 0 |
_aAsia, Central _xHistoriography _zSoviet Union _xHistory. |
|
| 651 | 0 |
_aAsia, Central _xHistoriography _zRussia _xHistory. |
|
| 700 | 1 | _aKemper, Michael. | |
| 700 | 1 | _aConermann, Stephan. | |
| 906 |
_a7 _bcbc _corignew _d1 _eecip _f20 _gy-gencatlg |
||
| 942 |
_2ddc _cBK |
||
| 999 |
_c13875 _d13875 |
||